Social Audit; A Manual for Trainers (Record no. 20155)

MARC details
000 -LEADER
fixed length control field 00371nam a22001217a 4500
082 ## - DEWEY DECIMAL CLASSIFICATION NUMBER
Classification number 361.25 NAT
100 ## - MAIN ENTRY--AUTHOR NAME
Author name National Institute of rural Devolopment and Panchayati Raj
245 ## - TITLE STATEMENT
Title Social Audit; A Manual for Trainers
260 ## - PUBLICATION, DISTRIBUTION, ETC. (IMPRINT)
Place of publication Hyderabad
Name of publisher National Institute of rural Devolopment and Panchayati Raj
Year of publication 2016
300 ## - PHYSICAL DESCRIPTION
Number of Pages 208
650 ## - SUBJECT ADDED ENTRY--TOPICAL TERM
Topical Term Social Policy
942 ## - ADDED ENTRY ELEMENTS (KOHA)
Koha item type Books

No items available.

                   Copyright © 2026 | Henry Martyn Institute | Hyderabad | TS-500052 | INDIA | Implemented by hmi.edu.in
Hit-Count:

Powered by Koha